[Event "TUR-ch (Women)"]
[Site "Izmir"]
[Date "2023.10.17"]
[Round "2"]
[White "Onur, Cigdem"]
[Black "Tanir, Simay"]
[Result "1-0"]
[WhiteElo "1909"]
[BlackElo "1543"]
[PlyCount "61"]
[EventDate "2023.10.16"]
[EventType "tourn"]
[EventRounds "9"]
[EventCountry "TUR"]
[SourceTitle "Mega2024 Update 01"]
[Source "Chessbase"]
[SourceDate "2023.11.12"]
[SourceVersion "1"]
[SourceVersionDate "2023.11.12"]
[SourceQuality "1"]

1. e4 e5 2. Nf3 Nc6 3. d4 exd4 4. Nxd4 Bc5 5. Be3 Qf6 6. c3 Nge7 7. Bc4 0-0 8. 0-0 Ne5 9. Be2 d5 10. f4 Nc4 11. Bxc4 dxc4 12. Qe2 Qb6 13. Nd2 Qxb2 14. Qxc4 Bb6 15. a4 Ba5 16. Rfc1 Qb6 17. Nf5 Qf6 18. Bd4 Bb6 19. Nxe7+ Qxe7 20. a5 Be6 21. Qb5 c6 22. Qh5 Bxd4+ 23. cxd4 Qd7 24. Qc5 Rfd8 25. Nf3 Rac8 26. f5 Bxf5 27. Qxf5 Qxf5 28. exf5 Rd5 29. Rc5 Rcd8 30. Rb1 R8d7 31. a6 1-0

[Event "TUR-ch (Women)"]
[Site "Izmir"]
[Date "2023.10.16"]
[Round "1"]
[White "Bodur, Ilke Lal"]
[Black "Onur, Cigdem"]
[Result "0-1"]
[WhiteElo "1310"]
[BlackElo "1909"]
[PlyCount "122"]
[EventDate "2023.10.16"]
[EventType "tourn"]
[EventRounds "9"]
[EventCountry "TUR"]
[SourceTitle "Mega2024 Update 01"]
[Source "Chessbase"]
[SourceDate "2023.11.12"]
[SourceVersion "1"]
[SourceVersionDate "2023.11.12"]
[SourceQuality "1"]

1. e4 c5 2. c3 d5 3. exd5 Qxd5 4. d4 Nc6 5. Nf3 Bg4 6. Be2 e6 7. 0-0 Nf6 8. h3 Bh5 9. Bf4 Be7 10. Qa4 0-0 11. dxc5 Bxc5 12. Nbd2 e5 13. Bc4 Qd7 14. Bg5 e4 15. Nd4 Nxd4 16. Qxd7 Nxd7 17. cxd4 Bxd4 18. Nxe4 Nb6 19. Bb3 Bxb2 20. Rab1 Ba3 21. f4 Be2 22. Rfe1 Bd3 23. Rbd1 Bxe4 24. Rxe4 Rfe8 25. Rxe8+ Rxe8 26. Kf2 Kf8 27. Kf3 a5 28. Rd3 Be7 29. Bxe7+ Kxe7 30. Rd2 Rc8 31. Re2+ Kf6 32. g4 Rc3+ 33. Kg2 Nc4 34. Kf2 b5 35. Bc2 h6 36. h4 g5 37. hxg5+ hxg5 38. fxg5+ Kxg5 39. Bf5 f6 40. Re7 Ra3 41. Ra7 Rxa2+ 42. Kf3 Ra3+ 43. Ke4 Nd6+ 44. Kd5 Nxf5 45. gxf5 Kxf5 46. Kc5 b4 47. Rb7 b3 48. Kc4 a4 49. Kb4 Ra2 50. Rb6 b2 51. Kc3 a3 52. Kc2 Ra1 53. Rb3 Rc1+ 54. Kd2 b1Q 55. Rxb1 Rxb1 56. Kc2 a2 57. Kc3 a1Q+ 58. Kc4 Qa4+ 59. Kc3 Rb3+ 60. Kc2 Qa2+ 61. Kc1 Rb1# 0-1

[Event "TUR Cup"]
[Site "Denizli"]
[Date "2023.07.19"]
[Round "6"]
[White "Onur, Cigdem"]
[Black "Celik, Eylul"]
[Result "1-0"]
[WhiteElo "1922"]
[BlackElo "1859"]
[PlyCount "65"]
[EventDate "2023.07.16"]
[EventType "team-tourn"]
[EventRounds "9"]
[EventCountry "TUR"]
[SourceTitle "CBM 215 Extra"]
[Source "ChessBase"]
[SourceDate "2023.09.30"]
[SourceVersion "1"]
[SourceVersionDate "2023.09.30"]
[SourceQuality "1"]

1. e4 c5 2. Nf3 e6 3. c3 d5 4. exd5 Qxd5 5. d4 Nf6 6. Bd3 cxd4 7. cxd4 Nc6 8. 0-0 Be7 9. Nc3 Qd6 10. Nb5 Qd8 11. Bf4 Nd5 12. Bg3 a6 13. Nc3 0-0 14. Rc1 Nf6 15. Re1 b6 16. Ne4 Bb7 17. Bb1 Rc8 18. Qd3 g6 19. a3 Nxd4 20. Rxc8 Nxf3+ 21. Qxf3 Bxc8 22. Nxf6+ Bxf6 23. Rd1 Bd7 24. Be4 Kg7 25. Bb7 Qe8 26. Bd6 Rg8 27. Bxa6 Bc6 28. Qb3 Ba4 29. Qd3 Bxd1 30. Qxd1 Qd7 31. Bf8+ Rxf8 32. Qxd7 Rd8 33. Qa4 1-0

[Event "TUR Cup"]
[Site "Denizli"]
[Date "2023.07.17"]
[Round "2"]
[White "Onur, Cigdem"]
[Black "Koyuncu, Haticesu"]
[Result "1-0"]
[WhiteElo "1922"]
[BlackElo "1520"]
[PlyCount "33"]
[EventDate "2023.07.16"]
[EventType "team-tourn"]
[EventRounds "9"]
[EventCountry "TUR"]
[SourceTitle "CBM 215 Extra"]
[Source "ChessBase"]
[SourceDate "2023.09.30"]
[SourceVersion "1"]
[SourceVersionDate "2023.09.30"]
[SourceQuality "1"]

1. e4 e6 2. d4 d5 3. Nd2 dxe4 4. Nxe4 Nd7 5. Nf3 Be7 6. Bd3 Ngf6 7. Qe2 c5 8. Nxc5 Nxc5 9. dxc5 Qa5+ 10. Bd2 Qxc5 11. 0-0-0 0-0 12. h4 b6 13. Bc3 Bb7 14. Ng5 g6 15. f4 Nd5 16. Qh5 Qe3+ 17. Rd2 1-0

[Event "EU-ch Cities&Town (Women) op"]
[Site "Tornelo INT"]
[Date "2023.01.29"]
[Round "?"]
[White "Onur, Cigdem"]
[Black "Kontogianni, Vasiliki"]
[Result "1-0"]
[WhiteElo "1922"]
[BlackElo "1442"]
[PlyCount "41"]
[EventDate "2023.01.29"]
[EventType "team-swiss"]
[EventRounds "9"]
[EventCountry "NET"]
[SourceTitle "CBM 212 Extra"]
[Source "ChessBase"]
[SourceDate "2023.03.31"]
[SourceVersion "1"]
[SourceVersionDate "2023.03.31"]
[SourceQuality "1"]
[WhiteTeam "Istanbul"]
[BlackTeam "Heraklion (W)"]
[WhiteTeamCountry "TUR"]
[BlackTeamCountry "GRE"]

1. e4 c5 2. Nf3 g6 3. d4 cxd4 4. Qxd4 Nf6 5. e5 Nc6 6. Qa4 Nd5 7. Qe4 Nc7 8. Bf4 Bg7 9. Nc3 0-0 10. 0-0-0 Ne6 11. h4 Nxf4 12. Qxf4 h5 13. Bc4 Qa5 14. Nd5 Qc5 15. g4 hxg4 16. h5 Na5 17. hxg6 Nxc4 18. Qxc4 Bh6+ 19. Rxh6 Qxc4 20. Nxe7+ Kg7 21. Rh7# 1-0

[Event "TUR-chT 1st League"]
[Site "Konya"]
[Date "2022.08.23"]
[Round "3.10"]
[White "Ercan, Hilal"]
[Black "Onur, Cigdem"]
[Result "0-1"]
[WhiteElo "1224"]
[BlackElo "2000"]
[PlyCount "118"]
[EventDate "2022.08.22"]
[EventType "team-swiss"]
[EventRounds "9"]
[EventCountry "TUR"]
[SourceTitle "CBM 209 Extra"]
[Source "ChessBase"]
[SourceDate "2022.09.30"]
[SourceVersion "1"]
[SourceVersionDate "2022.09.30"]
[SourceQuality "1"]
[WhiteTeam "Salihli Sardes"]
[BlackTeam "Mavisehir Altyapi"]
[WhiteTeamCountry "TUR"]
[BlackTeamCountry "TUR"]

1. e4 c5 2. Nf3 e6 3. d4 cxd4 4. Nxd4 a6 5. c4 Nf6 6. Nc3 Bb4 7. Bd3 d6 8. 0-0 Nbd7 9. Qe2 Qc7 10. Bd2 Ne5 11. Rac1 Bc5 12. Nb3 Ba7 13. Bf4 Ng6 14. Bg3 h5 15. c5 e5 16. cxd6 Qxd6 17. h3 h4 18. Bh2 0-0 19. Rfd1 Be6 20. Nd2 b5 21. Nf3 Nh5 22. Nxh4 Nhf4 23. Bxf4 Nxf4 24. Qf3 g6 25. Bf1 Qe7 26. Qg3 Nh5 27. Nxg6 fxg6 28. Qxg6+ Ng7 29. Rc2 Qf6 30. Qxf6 Rxf6 31. Nd5 Bxd5 32. Rxd5 Raf8 33. Rdd2 Nh5 34. g4 Ng3 35. Bd3 Rf4 36. Kg2 Nxe4 37. Bxe4 Rxe4 38. f3 Rc4 39. Rxc4 bxc4 40. Rc2 Rc8 41. Rd2 Bd4 42. Rc2 Kf7 43. h4 Ke6 44. Rd2 Rb8 45. Kf1 Bxb2 46. h5 Bd4 47. Ke2 Rb1 48. Rc2 Kd5 49. h6 Rh1 50. g5 Rh5 51. f4 Rh2+ 52. Kd1 Rxc2 53. Kxc2 exf4 54. g6 Ke6 55. Kd2 f3 56. g7 Kf7 57. a3 f2 58. Ke2 c3 59. h7 Kxg7 0-1

[Event "Olympiad Women-44"]
[Site "Chennai"]
[Date "2022.08.08"]
[Round "10.3"]
[White "Penafiel Mendoza, Josselyne Stefania"]
[Black "Onur, Cigdem"]
[Result "1-0"]
[WhiteElo "1804"]
[BlackElo "2000"]
[PlyCount "65"]
[EventDate "2022.07.29"]
[EventType "team-swiss"]
[EventRounds "11"]
[EventCountry "IND"]
[SourceTitle "CBM 210"]
[Source "ChessBase"]
[SourceDate "2022.10.31"]
[SourceVersion "1"]
[SourceVersionDate "2022.10.31"]
[SourceQuality "1"]
[WhiteTeam "Ecuador (W)"]
[BlackTeam "Turkey (W)"]
[WhiteTeamCountry "ECU"]
[BlackTeamCountry "TUR"]

1. d4 d5 2. c4 e6 3. Nc3 c6 4. cxd5 exd5 5. Qc2 Nf6 6. Bg5 Be7 7. e3 Nbd7 8. Nf3 h6 9. Bf4 Nb6 10. h3 Be6 11. Bd3 Bd6 12. Bxd6 Qxd6 13. Ne5 Nfd7 14. f4 Nxe5 15. fxe5 Qe7 16. 0-0 0-0 17. Ne2 Nc4 18. Rf3 Qb4 19. b3 Na3 20. Qc3 a5 21. Raf1 Qxc3 22. Nxc3 b5 23. Rg3 Rab8 24. e4 Rfc8 25. Rc1 c5 26. Nxd5 Bxd5 27. exd5 cxd4 28. Rxc8+ Rxc8 29. d6 Kf8 30. Rg4 f6 31. e6 Rc5 32. e7+ Kf7 33. Bg6+ 1-0

[Event "Olympiad Women-44"]
[Site "Chennai"]
[Date "2022.08.07"]
[Round "9.4"]
[White "Guo, Yu Han"]
[Black "Onur, Cigdem"]
[Result "1-0"]
[WhiteElo "1630"]
[BlackElo "2000"]
[PlyCount "89"]
[EventDate "2022.07.29"]
[EventType "team-swiss"]
[EventRounds "11"]
[EventCountry "IND"]
[SourceTitle "CBM 210"]
[Source "ChessBase"]
[SourceDate "2022.10.31"]
[SourceVersion "1"]
[SourceVersionDate "2022.10.31"]
[SourceQuality "1"]
[WhiteTeam "Canada (W)"]
[BlackTeam "Turkey (W)"]
[WhiteTeamCountry "CAN"]
[BlackTeamCountry "TUR"]

1. d4 Nf6 2. c4 e6 3. Nc3 Bb4 4. e3 0-0 5. Bd2 d5 6. a3 Be7 7. Nf3 b6 8. cxd5 exd5 9. Bd3 Bb7 10. b4 Nbd7 11. Qb1 Rb8 12. Ne5 c5 13. 0-0 Nxe5 14. dxe5 Ne4 15. Ra2 f5 16. f3 Nxd2 17. Rxd2 cxb4 18. Ne2 Qc7 19. f4 Bc5 20. Nd4 Bxd4 21. exd4 Qc3 22. Qxb4 Rbc8 23. Re1 g6 24. Bb5 Qxb4 25. axb4 Bc6 26. Ba6 Rce8 27. Rc1 Re6 28. Rdc2 Ba4 29. Ra2 b5 30. Bb7 Rd8 31. Rc5 Ree8 32. Ra3 Kf8 33. Bxd5 Re7 34. e6 Kg7 35. Rd3 Bc2 36. Rd2 Ba4 37. Ba2 Kf6 38. Kf2 Rd6 39. Ke3 h6 40. g3 g5 41. fxg5+ Kxg5 42. Rf2 Ra6 43. Rcxf5+ Kg4 44. R2f4+ Kh3 45. Kf2 1-0

[Event "Olympiad Women-44"]
[Site "Chennai"]
[Date "2022.08.02"]
[Round "5.4"]
[White "Levitan, Ronit"]
[Black "Onur, Cigdem"]
[Result "1-0"]
[WhiteElo "2091"]
[BlackElo "2000"]
[PlyCount "65"]
[EventDate "2022.07.29"]
[EventType "team-swiss"]
[EventRounds "11"]
[EventCountry "IND"]
[SourceTitle "CBM 210"]
[Source "ChessBase"]
[SourceDate "2022.10.31"]
[SourceVersion "1"]
[SourceVersionDate "2022.10.31"]
[SourceQuality "1"]
[WhiteTeam "Israel (W)"]
[BlackTeam "Turkey (W)"]
[WhiteTeamCountry "ISR"]
[BlackTeamCountry "TUR"]

1. e4 c6 2. d4 d5 3. exd5 cxd5 4. c4 Nf6 5. Nc3 Nc6 6. Nf3 Bg4 7. cxd5 Nxd5 8. Qb3 Bxf3 9. gxf3 e6 10. Qxb7 Nxd4 11. Bb5+ Nxb5 12. Qc6+ Ke7 13. Qc5+ Nd6 14. Nxd5+ exd5 15. 0-0 Kd7 16. Qxd5 Be7 17. Rd1 Qb6 18. Bf4 Rad8 19. Re1 Rhe8 20. Rad1 Kc8 21. Rd3 Bh4 22. Rc1+ Kd7 23. Qxf7+ Re7 24. Rxd6+ Qxd6 25. Qf5+ Re6 26. Bxd6 Kxd6 27. Rd1+ Ke7 28. Rxd8 Rg6+ 29. Kf1 Kxd8 30. Qa5+ Kc8 31. Qc5+ Kd7 32. Qd4+ Kc6 33. Qxh4 1-0

[Event "Olympiad Women-44"]
[Site "Chennai"]
[Date "2022.08.01"]
[Round "4.3"]
[White "Onur, Cigdem"]
[Black "Eftovska, Lea"]
[Result "1-0"]
[WhiteElo "2000"]
[BlackElo "1634"]
[PlyCount "93"]
[EventDate "2022.07.29"]
[EventType "team-swiss"]
[EventRounds "11"]
[EventCountry "IND"]
[SourceTitle "CBM 210"]
[Source "ChessBase"]
[SourceDate "2022.10.31"]
[SourceVersion "1"]
[SourceVersionDate "2022.10.31"]
[SourceQuality "1"]
[WhiteTeam "Turkey (W)"]
[BlackTeam "North Macedonia (W)"]
[WhiteTeamCountry "TUR"]
[BlackTeamCountry "MKD"]

1. e4 e5 2. Nf3 Nc6 3. Nc3 Nf6 4. Bb5 Bb4 5. 0-0 0-0 6. d3 Bxc3 7. bxc3 d6 8. Re1 Bd7 9. d4 Re8 10. Bd3 h6 11. Rb1 b6 12. Bb2 a5 13. h3 Nh7 14. Re3 Nf8 15. Kh2 Ng6 16. g3 Qc8 17. Ng1 Rf8 18. Qh5 a4 19. Rf1 Ra5 20. d5 Nce7 21. c4 f5 22. exf5 Bxf5 23. Bc3 Ra8 24. Ne2 e4 25. Bxe4 Bxe4 26. Rxe4 Rf5 27. g4 Rxh5 28. gxh5 Ne5 29. f4 Qf8 30. Nd4 c6 31. Rg1 Qf7 32. fxe5 dxe5 33. Nxc6 Nxc6 34. dxc6 Ra7 35. Bxe5 Qf5 36. Re2 Re7 37. c7 Kh7 38. Rge1 Qc8 39. Bg3 Rxe2+ 40. Rxe2 Qd7 41. Rf2 Qe6 42. Rf8 Qe2+ 43. Kg1 Qd1+ 44. Kg2 Qxc2+ 45. Bf2 Qe4+ 46. Kg1 Qb1+ 47. Kh2 1-0

[Event "EU-chT (Women) 23rd"]
[Site "Terme Catez"]
[Date "2021.11.19"]
[Round "7.4"]
[White "Tamrazyan, Gohar"]
[Black "Onur, Cigdem"]
[Result "0-1"]
[WhiteElo "1981"]
[BlackElo "2015"]
[PlyCount "80"]
[EventDate "2021.11.12"]
[EventType "team-swiss"]
[EventRounds "9"]
[EventCountry "SLO"]
[SourceTitle "CBM 205"]
[Source "ChessBase"]
[SourceDate "2021.12.31"]
[SourceVersion "1"]
[SourceVersionDate "2021.12.31"]
[SourceQuality "1"]
[WhiteTeam "Switzerland (W)"]
[BlackTeam "Turkey (W)"]
[WhiteTeamCountry "SUI"]
[BlackTeamCountry "TUR"]

1. e4 c5 2. Nc3 e6 3. Nf3 a6 4. d4 cxd4 5. Nxd4 Qc7 6. Bd3 Nc6 7. Nxc6 dxc6 8. 0-0 Nf6 9. f4 Bc5+ 10. Kh1 e5 11. f5 h5 12. Qf3 Ng4 13. Nd1 Qb6 14. Bc4 Bd7 15. Qb3 Qxb3 16. Bxb3 f6 17. Rf3 Ke7 18. Be3 Nxe3 19. Nxe3 Be8 20. Rd1 h4 21. Be6 b5 22. Nf1 Bd6 23. Rfd3 Rd8 24. a4 Bc7 25. Rxd8 Bxd8 26. axb5 axb5 27. c4 Bb6 28. b4 Bd4 29. cxb5 cxb5 30. Rc1 Bd7 31. Rc7 Rd8 32. Rb7 Kd6 33. Bxd7 Rxd7 34. Rxb5 Rc7 35. Rd5+ Ke7 36. Rxd4 exd4 37. Kg1 Rc2 38. h3 Kd6 39. Nh2 d3 40. Kf1 Rc1+ 0-1

[Event "EU-chT (Women) 23rd"]
[Site "Terme Catez"]
[Date "2021.11.16"]
[Round "5.4"]
[White "Onur, Cigdem"]
[Black "Bayat, Shohreh"]
[Result "0-1"]
[WhiteElo "2015"]
[BlackElo "2091"]
[PlyCount "144"]
[EventDate "2021.11.12"]
[EventType "team-swiss"]
[EventRounds "9"]
[EventCountry "SLO"]
[SourceTitle "CBM 205"]
[Source "ChessBase"]
[SourceDate "2021.12.31"]
[SourceVersion "1"]
[SourceVersionDate "2021.12.31"]
[SourceQuality "1"]
[WhiteTeam "Turkey (W)"]
[BlackTeam "England (W)"]
[WhiteTeamCountry "TUR"]
[BlackTeamCountry "ENG"]

1. e4 e6 2. d4 d5 3. Nd2 c5 4. Ngf3 cxd4 5. Nxd4 Nc6 6. Bb5 Bd7 7. Nxc6 bxc6 8. Bd3 e5 9. 0-0 Bd6 10. c4 d4 11. c5 Bxc5 12. Nc4 Qe7 13. f4 Bd6 14. fxe5 Bxe5 15. Qh5 Bc7 16. Bg5 Qe6 17. e5 g6 18. Qf3 Qd5 19. Qf4 Be6 20. Rac1 f5 21. Nd6+ Bxd6 22. exd6 Kd7 23. Bc4 Qxd6 24. Bxe6+ Kxe6 25. Rfe1+ Kd7 26. Qxd6+ Kxd6 27. Bf4+ Kd7 28. Be5 Ne7 29. Bxh8 Rxh8 30. Red1 Rb8 31. Rxd4+ Nd5 32. b3 Kd6 33. Kf2 g5 34. g3 Rb7 35. Rcc4 a5 36. Rd2 h6 37. g4 f4 38. Kf3 Rb4 39. Rxb4 axb4 40. h4 Ke5 41. hxg5 hxg5 42. Rh2 Nc3 43. Rh5 Ne4 44. Rh7 Nd2+ 45. Kg2 Ne4 46. Re7+ Kd4 47. Kf3 Nd2+ 48. Ke2 Ne4 49. Rd7+ Ke5 50. Kf3 Nc3 51. Rg7 Kf6 52. Rc7 Nxa2 53. Rxc6+ Kg7 54. Rb6 Kf7 55. Ke4 Nc3+ 56. Kf5 f3 57. Kxg5 Ne4+ 58. Kf5 f2 59. Rb7+ Kf8 60. Rb8+ Ke7 61. Rb7+ Kd6 62. Kxe4 f1Q 63. Rb6+ Kc5 64. Re6 Qb1+ 65. Kf4 Qxb3 66. Re5+ Kd6 67. Rh5 Qc4+ 68. Kf5 b3 69. Rh6+ Ke7 70. g5 b2 71. Rh7+ Qf7+ 72. Rxf7+ Kxf7 0-1

[Event "EU-chT (Women) 23rd"]
[Site "Terme Catez"]
[Date "2021.11.12"]
[Round "1.5"]
[White "Onur, Cigdem"]
[Black "Beydullayeva, Govhar"]
[Result "0-1"]
[WhiteElo "2015"]
[BlackElo "2278"]
[PlyCount "114"]
[EventDate "2021.11.12"]
[EventType "team-swiss"]
[EventRounds "9"]
[EventCountry "SLO"]
[SourceTitle "CBM 205"]
[Source "ChessBase"]
[SourceDate "2021.12.31"]
[SourceVersion "1"]
[SourceVersionDate "2021.12.31"]
[SourceQuality "1"]
[WhiteTeam "Turkey (W)"]
[BlackTeam "Azerbaijan (W)"]
[WhiteTeamCountry "TUR"]
[BlackTeamCountry "AZE"]

1. e4 c5 2. Nf3 d6 3. d4 cxd4 4. Nxd4 Nf6 5. Nc3 a6 6. Bg5 e6 7. f4 Nbd7 8. Qf3 Qc7 9. 0-0-0 b5 10. Bd3 Bb7 11. Rhe1 Qb6 12. Bxf6 Nxf6 13. Qh3 Be7 14. e5 dxe5 15. fxe5 Nd5 16. Ne4 0-0-0 17. Nf3 Nb4 18. Kb1 Qa5 19. a3 Nxd3 20. Rxd3 Rxd3 21. cxd3 b4 22. axb4 Bxb4 23. Rc1+ Kb8 24. Qg4 Rd8 25. Qxg7 Qb5 26. Nf2 Ba3 27. Rc2 Rc8 28. Nd4 Qb6 29. Nd1 Qxd4 30. Rxc8+ Bxc8 31. bxa3 Qxd3+ 32. Kc1 Qxa3+ 33. Kd2 Qb4+ 34. Nc3 Qd4+ 35. Kc2 h5 36. Qg5 h4 37. Ne2 Qe4+ 38. Kd2 Bb7 39. g3 Qd5+ 40. Kc3 f5 41. Qf4 Qa5+ 42. Kd4 Qb6+ 43. Kc3 Qa5+ 44. Kd4 hxg3 45. Nxg3 Qb4+ 46. Ke3 Qb6+ 47. Qd4 f4+ 48. Kd3 Qxd4+ 49. Kxd4 fxg3 50. hxg3 Kc7 51. g4 Bf3 52. g5 Bh5 53. Kc5 Bg6 54. Kb4 Kc6 55. Ka5 Kd5 56. Kxa6 Kxe5 57. Kb5 Kd4 0-1

[Event "Kiev Spring op"]
[Site "Kiev"]
[Date "2021.07.14"]
[Round "6"]
[White "Bodnaruk, Kseniya"]
[Black "Onur, Cigdem"]
[Result "1/2-1/2"]
[WhiteElo "1839"]
[BlackElo "2024"]
[PlyCount "189"]
[EventDate "2021.07.10"]
[EventType "swiss"]
[EventRounds "9"]
[EventCountry "UKR"]
[SourceTitle "EXT 2024"]
[Source "ChessBase"]
[SourceDate "2023.10.10"]
[SourceVersion "1"]
[SourceVersionDate "2023.10.10"]
[SourceQuality "1"]

1. e4 c5 2. Nf3 e6 3. d4 cxd4 4. Nxd4 a6 5. Nc3 Qc7 6. Be2 b5 7. 0-0 Bb7 8. Re1 d6 9. Bf3 Nd7 10. g3 Ngf6 11. a3 Be7 12. Bg2 0-0 13. f4 Rfd8 14. g4 h6 15. g5 hxg5 16. fxg5 Nh7 17. g6 Nhf8 18. gxf7+ Kxf7 19. Qh5+ Kg8 20. Qh3 Nc5 21. Be3 Bf6 22. Rf1 Qf7 23. Nde2 Ng6 24. Nf4 Nxf4 25. Rxf4 e5 26. Rf2 Qg6 27. Bxc5 dxc5 28. Qe6+ Qf7 29. Bh3 Re8 30. Qb6 c4 31. Raf1 Bd8 32. Qd6 Qe7 33. Qxe7 Rxe7 34. Rf8+ Kh7 35. Nd5 Bxd5 36. exd5 Bb6+ 37. Kg2 Ree8 38. Rxe8 Rxe8 39. Be6 Bd4 40. c3 Bc5 41. Rf5 Bd6 42. Bf7 g6 43. Rf6 Kg7 44. Rxg6+ Kxf7 45. Rxd6 Rg8+ 46. Kf3 Rh8 47. Rxa6 Rxh2 48. Rb6 Rxb2 49. a4 Rb3 50. axb5 Rxc3+ 51. Ke4 Rc1 52. Kxe5 c3 53. Rc6 Ke7 54. Kd4 c2 55. Kd3 Rd1+ 56. Kxc2 Rxd5 57. Rb6 Kd7 58. Kb3 Rd4 59. Rc6 Rh4 60. Kc3 Rg4 61. Rc5 Rh4 62. Kb3 Kd6 63. Rc3 Kd7 64. Ka3 Rg4 65. Rc5 Kd6 66. Rc2 Kd7 67. Rc3 Rh4 68. Rg3 Kc7 69. Rg6 Kb7 70. Kb3 Rf4 71. Rc6 Rh4 72. Kc3 Rg4 73. Rh6 Rf4 74. Kb3 Rg4 75. Rc6 Rh4 76. Rc4 Rxc4 77. Kxc4 Kb6 78. Kb4 Kb7 79. Kc5 Kc7 80. b6+ Kb7 81. Kb5 Kb8 82. Ka4 Kb7 83. Ka5 Kb8 84. Kb4 Kb7 85. Kc5 Kb8 86. Kc6 Kc8 87. Kd6 Kb7 88. Kc5 Kb8 89. Kd4 Kb7 90. Kc5 Kb8 91. Kb5 Kb7 92. Ka5 Kb8 93. Ka6 Ka8 94. b7+ Kb8 95. Kb6 1/2-1/2

[Event "Kiev Spring op"]
[Site "Kiev"]
[Date "2021.07.13"]
[Round "5"]
[White "Onur, Cigdem"]
[Black "Lutsko, Artem"]
[Result "0-1"]
[WhiteElo "2024"]
[BlackElo "2147"]
[PlyCount "144"]
[EventDate "2021.07.10"]
[EventType "swiss"]
[EventRounds "9"]
[EventCountry "UKR"]
[SourceTitle "EXT 2024"]
[Source "ChessBase"]
[SourceDate "2023.10.10"]
[SourceVersion "1"]
[SourceVersionDate "2023.10.10"]
[SourceQuality "1"]

1. e4 e5 2. Nf3 Nc6 3. Nc3 Nf6 4. Bb5 Bd6 5. d3 h6 6. Qe2 a6 7. Ba4 b5 8. Bb3 Bc5 9. Be3 d6 10. Bxc5 dxc5 11. Bd5 Nxd5 12. exd5 Ne7 13. Qxe5 0-0 14. 0-0-0 Bb7 15. Ne4 Bxd5 16. Nxc5 Nc6 17. Qh5 Qd6 18. Ne4 Bxe4 19. dxe4 Qf4+ 20. Kb1 Qxe4 21. Rd7 Nb4 22. Rxc7 Rac8 23. Qc5 Rxc7 24. Qxc7 Qe6 25. Qa5 Qg6 26. Qxb4 Qxg2 27. Rg1 Qxf3 28. Qd4 g6 29. Qe3 Qxe3 30. fxe3 Re8 31. Rg3 Kg7 32. Kc1 Rd8 33. Rg4 Kf6 34. Rf4+ Ke6 35. Re4+ Kf6 36. a4 Rd5 37. axb5 axb5 38. c3 Re5 39. Rf4+ Ke6 40. Kd2 f5 41. Rb4 g5 42. c4 bxc4 43. Rxc4 Kd5 44. Ra4 Re6 45. Kd3 Rb6 46. b4 Kc6 47. Kc4 Kb7 48. Ra5 Re6 49. Rxf5 Rxe3 50. Rf7+ Kc8 51. Kc5 Re2 52. Kc6 Rc2+ 53. Kb6 Rxh2 54. Rf8+ Kd7 55. b5 g4 56. Rg8 h5 57. Rg7+ Ke6 58. Kc7 Rc2+ 59. Kb7 Kf5 60. b6 h4 61. Rc7 Rb2 62. Rc5+ Kf4 63. Kc6 h3 64. Rb5 h2 65. Rxb2 h1Q+ 66. Kb5 g3 67. Rb4+ Kf5 68. Ka6 Qa8+ 69. Kb5 g2 70. Rb1 Kf4 71. Kc5 Qc8+ 72. Kb5 Qf5+ 0-1

[Event "Kiev Spring op"]
[Site "Kiev"]
[Date "2021.07.12"]
[Round "4"]
[White "Onur, Cigdem"]
[Black "Ahmad, Khagan"]
[Result "1-0"]
[WhiteElo "2024"]
[BlackElo "1750"]
[PlyCount "115"]
[EventDate "2021.07.10"]
[EventType "swiss"]
[EventRounds "9"]
[EventCountry "UKR"]
[SourceTitle "EXT 2024"]
[Source "ChessBase"]
[SourceDate "2023.10.10"]
[SourceVersion "1"]
[SourceVersionDate "2023.10.10"]
[SourceQuality "1"]

1. e4 c6 2. d4 d5 3. exd5 cxd5 4. c4 Nf6 5. Nc3 e6 6. Nf3 Nc6 7. Bg5 Be7 8. c5 b6 9. Bb5 Bd7 10. Qa4 Qc8 11. Ne5 Nxe5 12. dxe5 Bxb5 13. Nxb5 Nd7 14. cxb6 axb6 15. Nc7+ Kd8 16. Bxe7+ Kxc7 17. Rc1+ Nc5 18. Qb4 Kd7 19. Bxc5 bxc5 20. Rxc5 Qb8 21. Qc3 Rxa2 22. 0-0 Rc8 23. Rxc8 Qxc8 24. Qg3 g6 25. Qf4 Ke8 26. Qb4 Qa8 27. g3 Ra1 28. Rxa1 Qxa1+ 29. Kg2 Qa8 30. Qd4 Kf8 31. b4 Qc6 32. Kh3 Qc4 33. Qb6 h6 34. b5 d4 35. Qd8+ Kg7 36. Qf6+ Kg8 37. Qd8+ Kh7 38. b6 Qf1+ 39. Kg4 h5+ 40. Kf3 d3 41. b7 Qh1+ 42. Ke3 Qxb7 43. Qxd3 Qb2 44. Qe4 Qc1+ 45. Ke2 Kg7 46. h4 Qc3 47. Kf1 Kf8 48. Kg2 Ke7 49. Qb7+ Ke8 50. Qa8+ Kd7 51. Qa7+ Qc7 52. Qxc7+ Kxc7 53. Kf3 Kc6 54. Ke4 Kd7 55. Kf4 Ke7 56. Kg5 Kf8 57. Kf6 Kg8 58. f3 1-0

[Event "Kiev Spring op"]
[Site "Kiev"]
[Date "2021.07.11"]
[Round "2"]
[White "Onur, Cigdem"]
[Black "Filindash, Nikita"]
[Result "1-0"]
[WhiteElo "2024"]
[BlackElo "1230"]
[PlyCount "43"]
[EventDate "2021.07.10"]
[EventType "swiss"]
[EventRounds "9"]
[EventCountry "UKR"]
[SourceTitle "EXT 2024"]
[Source "ChessBase"]
[SourceDate "2023.10.10"]
[SourceVersion "1"]
[SourceVersionDate "2023.10.10"]
[SourceQuality "1"]

1. e4 c5 2. Nf3 d6 3. d4 cxd4 4. Nxd4 Nf6 5. Nc3 a6 6. Bg5 e6 7. f4 Be7 8. Qf3 Qc7 9. 0-0-0 b5 10. e5 Bb7 11. Qg3 dxe5 12. fxe5 Ne4 13. Nxe4 Bxe4 14. Bxe7 Kxe7 15. Qh4+ g5 16. Qxe4 Nd7 17. Nc6+ Ke8 18. Rd6 Qb7 19. Be2 a5 20. Rf1 b4 21. Rxe6+ fxe6 22. Bh5# 1-0

[Event "TUR-ch (Women)"]
[Site "Corum"]
[Date "2021.06.18"]
[Round "6"]
[White "Onur, Cigdem"]
[Black "Akti, Ezgi"]
[Result "1-0"]
[WhiteElo "2012"]
[BlackElo "1754"]
[PlyCount "87"]
[EventDate "2021.06.13"]
[EventType "swiss"]
[EventRounds "7"]
[EventCountry "TUR"]
[SourceTitle "CBM 203 Extra"]
[Source "ChessBase"]
[SourceDate "2021.09.30"]
[SourceVersion "1"]
[SourceVersionDate "2021.09.30"]
[SourceQuality "1"]

1. e4 e5 2. Nf3 Nf6 3. Nxe5 d6 4. Nf3 Nxe4 5. c4 c6 6. d4 d5 7. Bd3 Bb4+ 8. Nbd2 Nxd2 9. Bxd2 Qe7+ 10. Kf1 Bxd2 11. Qxd2 0-0 12. cxd5 cxd5 13. h4 Nc6 14. Re1 Qf6 15. Qg5 Qxg5 16. hxg5 g6 17. Bb5 Bf5 18. Bxc6 bxc6 19. Ne5 Rfe8 20. g4 Be4 21. f3 Rxe5 22. dxe5 Bxf3 23. Rg1 Rb8 24. Rg3 Be4 25. Rc3 Rb6 26. b3 Ra6 27. a4 Rb6 28. Ke2 d4 29. Rc4 d3+ 30. Kd2 Bd5 31. Rc3 Rb4 32. Rg1 Re4 33. Kxd3 Rxe5 34. b4 Rxg5 35. Rc5 h5 36. Kd4 a6 37. b5 cxb5 38. Rxd5 Rxd5+ 39. Kxd5 hxg4 40. axb5 axb5 41. Rxg4 Kg7 42. Rb4 f5 43. Ke5 Kh6 44. Kf4 1-0